USA Quiz - Statistics

General Stats
  • This quiz has been taken 30 times
  • The average score is 8 of 10
Answer Stats
Question Answer % Correct
When did the US declare its independence from Great Britain? 1776
83%
Which president abolished slavery in the US? Abraham Lincoln
83%
Who was the US's first president? George Washington
83%
Which car brand orignated in the US Tesla
83%
What do the 13 stripes on the US flag stand for? The 13 Colonies
83%
What do the 50 Stars on the US flag stand for? The 50 States
83%
Who was the first Black president to be elected in the USA? Barrack Obama
67%
Which popular American cuisine came from Germany? Hot Dog
67%
Which one of these is a popular meat in the US? Steak
67%
Which state is the largest? Alaska
50%
No matching quizzes found
Score Distribution
Percent of People with Each Score
Percentile by Number Answered
Your Score History
You have not taken this quiz